LEADER 00860nam0-22002771i-450- 001 990005474130403321 005 19990530 035 $a000547413 035 $aFED01000547413 035 $a(Aleph)000547413FED01 035 $a000547413 100 $a19990530d1954----km-y0itay50------ba 101 0 $afre 105 $ay-------001yy 200 1 $a<>XVIe siècle vu par les Ambassadeurs vènitiens$fOrestes Ferrara$gtraduit de l'espagnol par Francis de Miomandre 210 $aParis$cAlbin Michel$dc1954 215 $a596 p.$d21 cm 700 1$aFerrara,$bOreste$0127540 702 1$aMiomandre,$bFrancis De 801 0$aIT$bUNINA$gRICA$2UNIMARC 901 $aBK 912 $a990005474130403321 952 $aST.MED.MOD. 3573$bST.MED.MOD. 6596$fFLFBC 959 $aFLFBC 996 $aXVIe siècle vu par les Ambassadeurs vènitiens$9587821 997 $aUNINA